Körmös
Elmentve itt :
| Szerző: | |
|---|---|
| Dokumentumtípus: | Cikk |
| Megjelent: |
1995
|
| Sorozat: | Iskolakultúra
5 No. 8-9 |
| Kulcsszavak: | Pedagógia, Pedagógus hivatás |
| Online Access: | http://misc.bibl.u-szeged.hu/44692 |
| LEADER | 00575nab a2200181 i 4500 | ||
|---|---|---|---|
| 001 | misc44692 | ||
| 005 | 20191106141105.0 | ||
| 008 | 181004s1995 hu o 0|| zxx d | ||
| 022 | |a 1215-5233 | ||
| 040 | |a SZTE Miscellanea Repozitórium |b hun | ||
| 041 | |a zxx | ||
| 100 | 1 | |a Kamarás István | |
| 245 | 1 | 0 | |a Körmös |h [elektronikus dokumentum] / |c Kamarás István |
| 260 | |c 1995 | ||
| 300 | |a 162 | ||
| 490 | 0 | |a Iskolakultúra |v 5 No. 8-9 | |
| 695 | |a Pedagógia, Pedagógus hivatás | ||
| 856 | 4 | 0 | |u http://misc.bibl.u-szeged.hu/44692/1/iskolakultura_1995_008_009_162.pdf |z Dokumentum-elérés |